| 000 | 01765nam a2200349 a 4500 | ||
|---|---|---|---|
| 003 | BLK | ||
| 005 | 20250707114451.0 | ||
| 007 | ta | ||
| 008 | 230713b bu |||||r|||| 00| | bu d | ||
| 020 | _a9789543208500 | ||
| 040 | _aBLK | ||
| 041 |
_aBUL _cBUL |
||
| 080 |
_9401652 _aИзпълнение на мъжки роли в киното _b791.635-051 _x-051(73)(092) _z791.635-051(73)(092) |
||
| 080 |
_9464490 _aКанадска литература _b821.111(71) _x-9 _z821.111(71)-9 |
||
| 080 |
_9488376 _aКанадско-американски телевизионен и филмов актьор, продуцент и сценарист _b929 Пери, Матю _z929 Пери, Матю |
||
| 084 | _aП 37 | ||
| 100 |
_9488378 _aПери, Матю |
||
| 245 |
_aПриятели, любовници и голямото ужасно нещо _bмемоари _cМатю Пери ; прев. от англ. Або ; предг. Лиса Кудроу |
||
| 246 | _aFriends, lovers, and the big terrible thing | ||
| 260 |
_9209565 _aСофия _bРива _c2022 _fПловдив : Булвест принт |
||
| 300 |
_a312 с., [8] л. _bцв. портр. _c21 см |
||
| 380 | _a7 | ||
| 500 | _aОриг. загл.: Friends, lovers, and the big terrible thing / Matthew Perry За автора: с. 311 Або - псевд. на прев. Явор Савчов Въжаров | ||
| 650 | 0 |
_9488379 _aПери, Матю, 1969- -- биографски материали |
|
| 650 | 0 |
_9280366 _aАктьори, американски |
|
| 653 |
_9188525 _aкино |
||
| 852 |
_aЦб 318786 _bЦб |
||
| 856 |
_i0.00 _ldisable |
||
| 942 |
_cKNG _n0 _035 |
||
| 944 |
_cМоника Янева _k30552 _lВиолета Тройчева |
||
| 999 |
_c492909 _d492909 |
||
| 999 | _d492909 | ||